[Event "NRW Class2 1718"]
[Site "Germany"]
[Date "2018.04.08"]
[Round "8.3"]
[White "Klip, Hans"]
[Black "Luetke, Jens"]
[Result "1/2-1/2"]
[WhiteElo "2302"]
[BlackElo "2173"]
[PlyCount "117"]
[EventDate "2017.09.17"]
[EventType "team-tourn"]
[EventRounds "9"]
[EventCountry "GER"]
[SourceTitle "EXT 2019"]
[Source "ChessBase"]
[SourceDate "2018.10.10"]
[SourceVersion "1"]
[SourceVersionDate "2018.10.10"]
[SourceQuality "1"]
[WhiteTeam "Plettenberg"]
[BlackTeam "Kamen"]
[WhiteTeamCountry "GER"]
[BlackTeamCountry "GER"]

1. e4 c6 2. Ne2 d5 3. e5 c5 4. d4 Nc6 5. c3 cxd4 6. cxd4 Bf5 7. Nbc3 e6 8. Ng3 Bg6 9. Be3 Bb4 10. Rc1 Qb6 11. Qd2 f6 12. Bb5 Qxb5 13. Nxb5 Bxd2+ 14. Kxd2 Kd7 15. f4 Nge7 16. Nd6 b6 17. Rc3 a6 18. Rhc1 Ra7 19. h4 h5 20. Bg1 Rc7 21. Nf1 Nf5 22. Nxf5 Bxf5 23. Rg3 Rh7 24. exf6 gxf6 25. Rg8 Ne7 26. Rxc7+ Kxc7 27. Rf8 Ng6 28. Rxf6 Nxh4 29. Ne3 Rg7 30. Bf2 Nxg2 31. Nxf5 exf5 32. Rxf5 Kc6 33. Rxh5 Nxf4 34. Rf5 Ne6 35. Kc3 Ng5 36. Kb3 Ne4 37. Be1 Rg1 38. Bc3 Rg3 39. a4 a5 40. Rh5 Nd2+ 41. Kc2 Nc4 42. Rh6+ Kd7 43. Kb3 Rg2 44. Ka2 Re2 45. Kb3 Re6 46. Rh5 Kc6 47. Rg5 Rd6 48. Ka2 Re6 49. Kb3 Nd6 50. Rh5 Rf6 51. Ka2 Rf4 52. Rh6 Kd7 53. Rg6 Nc8 54. Rh6 Re4 55. Kb3 Re6 56. Rh5 Ne7 57. Kc2 Re2+ 58. Kd3 Rf2 59. Rh6 1/2-1/2

[Event "NRW Class2 1718"]
[Site "Germany"]
[Date "2018.02.18"]
[Round "6.3"]
[White "Luetke, Jens"]
[Black "Stricker, Florian"]
[Result "1-0"]
[WhiteElo "2173"]
[BlackElo "2018"]
[PlyCount "67"]
[EventDate "2017.09.17"]
[EventType "team-tourn"]
[EventRounds "9"]
[EventCountry "GER"]
[SourceTitle "EXT 2019"]
[Source "ChessBase"]
[SourceDate "2018.10.10"]
[SourceVersion "1"]
[SourceVersionDate "2018.10.10"]
[SourceQuality "1"]
[WhiteTeam "Kamen"]
[BlackTeam "Bochum SG II"]
[WhiteTeamCountry "GER"]
[BlackTeamCountry "GER"]

1. e4 e6 2. d4 d5 3. e5 c5 4. c3 Nc6 5. Nf3 Qb6 6. a3 Bd7 7. Be2 cxd4 8. cxd4 Nge7 9. Nc3 Nf5 10. Na4 Qd8 11. 0-0 Be7 12. g4 Nh6 13. h3 Qc7 14. b4 b5 15. Nc5 Bxc5 16. bxc5 Ng8 17. Bxb5 h5 18. Rb1 hxg4 19. hxg4 Nh6 20. Nh2 Qd8 21. Bf4 f5 22. g5 Nf7 23. Qd2 Rh4 24. g6 Nxd4 25. Bxd7+ Qxd7 26. Qxd4 Ng5 27. Rb3 Nh3+ 28. Rxh3 Rxh3 29. Rb1 Rxa3 30. Bg5 Rc8 31. Qh4 Qa4 32. Qh8+ Kd7 33. Qxg7+ Kc6 34. Qb7+ 1-0

[Event "NRW Class2 1718"]
[Site "Germany"]
[Date "2017.09.17"]
[Round "1.3"]
[White "Schleining, Zoya"]
[Black "Luetke, Jens"]
[Result "1-0"]
[WhiteElo "2376"]
[BlackElo "2173"]
[PlyCount "109"]
[EventDate "2017.09.17"]
[EventType "team-tourn"]
[EventRounds "9"]
[EventCountry "GER"]
[SourceTitle "EXT 2019"]
[Source "ChessBase"]
[SourceDate "2018.10.10"]
[SourceVersion "1"]
[SourceVersionDate "2018.10.10"]
[SourceQuality "1"]
[WhiteTeam "Letmathe"]
[BlackTeam "Kamen"]
[WhiteTeamCountry "GER"]
[BlackTeamCountry "GER"]

1. d4 f5 2. g3 Nf6 3. Bg2 e6 4. Nf3 Be7 5. 0-0 0-0 6. b3 Ne4 7. Bb2 Bf6 8. Nbd2 c5 9. c4 Nc6 10. Rb1 Qa5 11. dxc5 Nc3 12. Bxc3 Bxc3 13. Rc1 Bb4 14. e4 f4 15. e5 Ba3 16. Rb1 Qxc5 17. Ne4 Qa5 18. Qd3 h6 19. Nf6+ Kf7 20. Nh5 Kg8 21. Nxf4 Rf5 22. Ng6 Bc5 23. Rb2 Qb6 24. Re2 Qc7 25. g4 Rf7 26. g5 b6 27. Qd2 h5 28. Nf4 Bb7 29. Nxh5 Rxf3 30. Bxf3 Nd4 31. Bxb7 Qxb7 32. Re3 Rf8 33. b4 Nf3+ 34. Rxf3 Qxf3 35. Ng3 Be7 36. Qxd7 Bxg5 37. Qxe6+ Kh8 38. Qd5 Qg4 39. Kg2 Rf4 40. f3 Qc8 41. Ne4 Be7 42. c5 bxc5 43. bxc5 Rh4 44. Rf2 Qh3+ 45. Kh1 Rf4 46. e6 Rf5 47. Qd3 Bxc5 48. Qf1 Qh6 49. Nxc5 Rxc5 50. e7 Re5 51. Re2 Rxe2 52. Qxe2 Qc1+ 53. Kg2 Qg5+ 54. Kf1 Qc1+ 55. Qe1 1-0

[Event "NRW Class2 1617"]
[Site "Germany"]
[Date "2016.09.25"]
[Round "1.3"]
[White "Luetke, Jens"]
[Black "Orzech, Dominik"]
[Result "1/2-1/2"]
[WhiteElo "2264"]
[BlackElo "2378"]
[PlyCount "54"]
[EventDate "2016.09.25"]
[EventType "team-tourn"]
[EventRounds "9"]
[EventCountry "GER"]
[SourceTitle "EXT 2023"]
[Source "ChessBase"]
[SourceDate "2022.10.05"]
[SourceVersion "1"]
[SourceVersionDate "2022.10.05"]
[SourceQuality "1"]
[WhiteTeam "Kamen SV"]
[BlackTeam "Gerresheim"]
[WhiteTeamCountry "GER"]
[BlackTeamCountry "GER"]

1. e4 e6 2. d4 d5 3. Nd2 Nf6 4. e5 Nfd7 5. Ngf3 c5 6. c3 Nc6 7. Bd3 cxd4 8. cxd4 f6 9. 0-0 fxe5 10. Nxe5 Ndxe5 11. dxe5 Nxe5 12. Qh5+ Nf7 13. Re1 a6 14. Bxh7 g6 15. Qxg6 Qh4 16. Rxe6+ Bxe6 17. Qxe6+ Qe7 18. Bf5 Rh6 19. Qxe7+ Bxe7 20. Nf3 Rf6 21. Bg4 Rb6 22. g3 Bf6 23. h4 Bxb2 24. Rb1 Bd4 25. Rxb6 Bxb6 26. Ba3 Nh6 27. Be6 Rd8 1/2-1/2

[Event "NRW Class1 1516"]
[Site "Germany"]
[Date "2016.03.06"]
[Round "7.3"]
[White "Bashilin, Roman"]
[Black "Luetke, Jens"]
[Result "1-0"]
[WhiteElo "2216"]
[BlackElo "2201"]
[PlyCount "75"]
[EventDate "2015.09.27"]
[EventType "team-tourn"]
[EventRounds "9"]
[EventCountry "GER"]
[SourceTitle "EXT 2017"]
[Source "ChessBase"]
[SourceDate "2016.10.25"]
[SourceVersion "1"]
[SourceVersionDate "2016.10.25"]
[SourceQuality "1"]
[WhiteTeam "Wuppertal Bahn"]
[BlackTeam "Kamen"]
[WhiteTeamCountry "GER"]
[BlackTeamCountry "GER"]

1. d4 f5 2. Bg5 Nf6 3. Bxf6 exf6 4. e3 d5 5. Bd3 Be6 6. Qf3 Qd7 7. Ne2 Nc6 8. a3 0-0-0 9. Nbc3 g6 10. Nf4 Bf7 11. h4 h5 12. 0-0-0 Kb8 13. Bb5 Qd6 14. Nd3 Bh6 15. Bxc6 Qxc6 16. Nb4 Qd7 17. g3 Rhe8 18. Kb1 Bf8 19. Qe2 a5 20. Nba2 Re6 21. Qb5 Qc8 22. Qxa5 Ra6 23. Qb5 Bxa3 24. Qd3 Bf8 25. b4 Qe6 26. Ne2 Qb6 27. Qb3 Be8 28. Nec3 Qa7 29. Kb2 b6 30. Ra1 Ba4 31. Nxa4 Rxa4 32. b5 Ba3+ 33. Kc3 c5 34. bxc6 Qa5+ 35. Kd3 Qa6+ 36. Kd2 Kc7 37. Nc3 Ra5 38. Rxa3 1-0

[Event "NRW Class1 1516"]
[Site "Germany"]
[Date "2015.10.25"]
[Round "2.3"]
[White "Luetke, Jens"]
[Black "Bee, Marcus"]
[Result "1-0"]
[WhiteElo "2201"]
[BlackElo "2175"]
[PlyCount "67"]
[EventDate "2015.09.27"]
[EventType "team-tourn"]
[EventRounds "9"]
[EventCountry "GER"]
[SourceTitle "EXT 2017"]
[Source "ChessBase"]
[SourceDate "2016.10.25"]
[SourceVersion "1"]
[SourceVersionDate "2016.10.25"]
[SourceQuality "1"]
[WhiteTeam "Kamen"]
[BlackTeam "Katernberg II"]
[WhiteTeamCountry "GER"]
[BlackTeamCountry "GER"]

1. Nf3 g6 2. d4 Bg7 3. c4 d6 4. Nc3 Bg4 5. e3 Nc6 6. h3 Bxf3 7. Qxf3 e5 8. d5 Nce7 9. g4 Nf6 10. e4 h5 11. Be2 hxg4 12. hxg4 Rxh1+ 13. Qxh1 Kf8 14. g5 Ne8 15. Bg4 c6 16. Be3 cxd5 17. cxd5 Nc8 18. 0-0-0 Nb6 19. Qf1 Nd7 20. Qh3 Ke7 21. Kb1 Nc7 22. Rc1 b5 23. Ne2 b4 24. Qh7 Ne8 25. Qg8 Nf8 26. f4 exf4 27. Nd4 Bxd4 28. Bxd4 Qa5 29. Qh8 Nd7 30. Bxd7 Kxd7 31. Qf8 Qd8 32. Qxf7+ Qe7 33. Qxf4 Rc8 34. Qg4+ 1-0

[Event "Mittelrhein Regionalliga 1415"]
[Site "Mittelrhein"]
[Date "2015.02.22"]
[Round "7.1"]
[White "Luetke, Jens"]
[Black "Broekmeulen, Jasper"]
[Result "1/2-1/2"]
[WhiteElo "2221"]
[BlackElo "2377"]
[PlyCount "34"]
[EventDate "2014.09.28"]
[EventType "team-tourn"]
[EventRounds "9"]
[EventCountry "GER"]
[SourceTitle "EXT 2023"]
[Source "ChessBase"]
[SourceDate "2022.10.05"]
[SourceVersion "1"]
[SourceVersionDate "2022.10.05"]
[SourceQuality "1"]
[WhiteTeam "Godesberg II"]
[BlackTeam "Aachen DJK Aufwaerts III"]
[WhiteTeamCountry "GER"]
[BlackTeamCountry "GER"]

1. e4 d5 2. exd5 Qxd5 3. Nc3 Qa5 4. d4 Nf6 5. Nf3 c6 6. Ne5 Bf5 7. Bd3 Bxd3 8. Qxd3 Nbd7 9. Nxd7 Nxd7 10. 0-0 e6 11. Bf4 Be7 12. Ne4 0-0 13. Qg3 Qf5 14. Rfe1 Nf6 15. Be5 Qg6 16. Bxf6 Bxf6 17. Rad1 Qxg3 1/2-1/2

[Event "BL2-West 1112"]
[Site "Germany"]
[Date "2011.11.20"]
[Round "3.7"]
[White "Luetke, Jens"]
[Black "Nazarenus, Moritz"]
[Result "0-1"]
[WhiteElo "2309"]
[BlackElo "2229"]
[PlyCount "184"]
[EventDate "2011.10.02"]
[EventType "team-tourn"]
[EventRounds "9"]
[EventCountry "GER"]
[SourceTitle "EXT 2015"]
[Source "ChessBase"]
[SourceDate "2014.11.20"]
[SourceVersion "1"]
[SourceVersionDate "2014.11.20"]
[SourceQuality "1"]
[WhiteTeam "Godesberg"]
[BlackTeam "Schoeneck"]
[WhiteTeamCountry "GER"]
[BlackTeamCountry "GER"]

1. e4 c6 2. d4 d5 3. e5 Bf5 4. Nf3 e6 5. Be2 Nd7 6. 0-0 Ne7 7. Re1 h6 8. b3 Bh7 9. Ba3 Qa5 10. Qc1 Rc8 11. c4 dxc4 12. bxc4 Nf5 13. Bxf8 Nxf8 14. Nbd2 Nd7 15. c5 0-0 16. Nc4 Qa4 17. Bd3 Rb8 18. Qc3 b5 19. Nb2 Qa6 20. a4 b4 21. Qb3 Qc8 22. a5 Ne7 23. Nd2 Bxd3 24. Qxd3 Qd8 25. Nb3 Nd5 26. Nc4 Qg5 27. Qg3 Qh5 28. Ne3 Nc3 29. Qg4 Qxg4 30. Nxg4 Rfd8 31. Ne3 Nf8 32. g3 Ng6 33. Nc4 a6 34. Nd6 Ne7 35. f4 h5 36. Kf2 g6 37. Ke3 Kg7 38. Kd3 Rh8 39. h3 Ned5 40. Rf1 Kf8 41. Rf3 Ke7 42. Re1 Rbd8 43. Kc4 Rb8 44. Nd2 Rh7 45. N2e4 Nxe4 46. Rxe4 Rhh8 47. Kb3 Rbd8 48. Re1 Rh7 49. Ref1 Rdh8 50. Ne4 Rb8 51. Nd6 Rbh8 52. Nc4 Rd8 53. Rd3 Rb8 54. Nb6 Nc7 55. Kxb4 Rhh8 56. Kc4 Nb5 57. Rff3 Rbd8 58. Rd1 Rb8 59. Rb3 Rbd8 60. Rb4 Rb8 61. Kd3 Rhd8 62. Rc1 Rb7 63. Ke4 Rbb8 64. Ra4 Rb7 65. Rcc4 Rbb8 66. Kf3 Rb7 67. Rab4 Rbb8 68. Na4 Rd5 69. Nc3 Rd7 70. Ne4 Rdb7 71. Ke3 Kf8 72. Rc1 Rd8 73. Rcb1 Rdb8 74. g4 hxg4 75. hxg4 Kg7 76. f5 exf5 77. gxf5 gxf5 78. Rg1+ Kf8 79. Nf6 Ke7 80. d5 cxd5 81. c6 Ra7 82. Nxd5+ Ke6 83. Nb6 Rh8 84. Rc1 Rc7 85. Nd7 Rh3+ 86. Kf2 Nc3 87. Kg2 Re3 88. Rc4 Ne4 89. Nb8 Rc8 90. c7 Rg8+ 91. Kf1 Rf3+ 92. Ke2 Rf2+ 0-1

[Event "NRW Class2 0910"]
[Site "Germany"]
[Date "2009.11.22"]
[Round "3.1"]
[White "Luetke, Jens"]
[Black "Roeder, Matthias"]
[Result "1/2-1/2"]
[WhiteElo "2344"]
[BlackElo "2438"]
[PlyCount "52"]
[EventDate "2009.09.20"]
[EventType "team-tourn"]
[EventRounds "9"]
[EventCountry "GER"]
[SourceTitle "EXT 2011"]
[Source "ChessBase"]
[SourceDate "2010.11.26"]
[SourceVersion "1"]
[SourceVersionDate "2010.11.26"]
[SourceQuality "1"]
[WhiteTeam "Godesberg II"]
[BlackTeam "Aachen Aufwaerts"]
[WhiteTeamCountry "GER"]
[BlackTeamCountry "GER"]

1. e4 c5 2. Nf3 d6 3. Bb5+ Bd7 4. Bxd7+ Qxd7 5. c4 g6 6. 0-0 Bg7 7. d4 cxd4 8. Nxd4 Nf6 9. Nc3 0-0 10. f3 Rc8 11. b3 d5 12. exd5 Nxd5 13. Nxd5 e6 14. Bh6 exd5 15. Bxg7 Kxg7 16. cxd5 Qxd5 17. Ne2 Qc5+ 18. Qd4+ Qxd4+ 19. Nxd4 Nc6 20. Rad1 Nxd4 21. Rxd4 Rc2 22. Rf2 Rac8 23. Rxc2 Rxc2 24. Ra4 a6 25. h4 h5 26. Rb4 b5 1/2-1/2

[Event "BL2-West 0910"]
[Site "Germany"]
[Date "2009.10.18"]
[Round "1.6"]
[White "Hendriks, Willy"]
[Black "Luetke, Jens"]
[Result "1/2-1/2"]
[WhiteElo "2431"]
[BlackElo "2344"]
[PlyCount "57"]
[EventDate "2009.10.18"]
[EventType "team-tourn"]
[EventRounds "9"]
[EventCountry "GER"]
[SourceTitle "EXT 2011"]
[Source "ChessBase"]
[SourceDate "2010.11.26"]
[SourceVersion "1"]
[SourceVersionDate "2010.11.26"]
[SourceQuality "1"]
[WhiteTeam "Bochum"]
[BlackTeam "Godesberg"]
[WhiteTeamCountry "GER"]
[BlackTeamCountry "GER"]

1. e4 e5 2. Bc4 Nf6 3. d3 Nc6 4. Nf3 Bc5 5. c3 Qe7 6. 0-0 a6 7. Nbd2 d6 8. Bb3 b5 9. a4 Rb8 10. axb5 axb5 11. Re1 0-0 12. Nf1 Be6 13. Be3 Bxe3 14. Nxe3 Qd7 15. Ra6 Ne7 16. Bc2 Ra8 17. Rxa8 Rxa8 18. d4 Ng6 19. g3 Bg4 20. Bb3 c6 21. Nxg4 Qxg4 22. h3 Qh5 23. Kg2 Re8 24. dxe5 Nxe5 25. Nxe5 Qxd1 26. Bxf7+ Kf8 27. Rxd1 Rxe5 28. Bb3 Nxe4 29. Bc2 1/2-1/2

[Event "NRW Class2 0910"]
[Site "Germany"]
[Date "2009.09.20"]
[Round "1.1"]
[White "Luetke, Jens"]
[Black "Brandenburg, Daan"]
[Result "1-0"]
[WhiteElo "2344"]
[BlackElo "2463"]
[PlyCount "119"]
[EventDate "2009.09.20"]
[EventType "team-tourn"]
[EventRounds "9"]
[EventCountry "GER"]
[SourceTitle "EXT 2011"]
[Source "ChessBase"]
[SourceDate "2010.11.26"]
[SourceVersion "1"]
[SourceVersionDate "2010.11.26"]
[SourceQuality "1"]
[WhiteTeam "Godesberg II"]
[BlackTeam "Emsdetten Turm II"]
[WhiteTeamCountry "GER"]
[BlackTeamCountry "GER"]

1. e4 c5 2. Nf3 d6 3. c3 Nf6 4. h3 Nc6 5. d4 g6 6. d5 Nb8 7. Bg5 Bg7 8. Nbd2 0-0 9. Qb3 Nbd7 10. Be2 h6 11. Be3 b5 12. Qxb5 Rb8 13. Qa4 Rxb2 14. 0-0 Qc7 15. Rab1 Nb6 16. Qa3 Rxb1 17. Rxb1 Bd7 18. Bb5 Rb8 19. c4 a6 20. Bxd7 Nfxd7 21. Qc1 Na4 22. Rb3 Qa5 23. Nb1 Kh7 24. Bd2 Qd8 25. Qa3 Nb2 26. Ba5 Qc8 27. Nbd2 Ne5 28. Nxe5 Bxe5 29. Kf1 Rxb3 30. axb3 Nd3 31. Nf3 Bf6 32. Bd2 Qb7 33. Ke2 Ne5 34. Ne1 e6 35. f4 Nd7 36. Qa4 exd5 37. exd5 Nb8 38. Nf3 Qe7+ 39. Kd3 Bg7 40. Qa2 f5 41. Be3 Qe4+ 42. Kd2 Bc3+ 43. Kxc3 Qxe3+ 44. Kb2 Qe2+ 45. Ka3 Qf1 46. Ka4 Qc1 47. Ka5 Qxf4 48. Kb6 Nd7+ 49. Kc7 Nf6 50. Qxa6 g5 51. Qc8 Kg7 52. Qe6 Ne4 53. b4 Nc3 54. Qe7+ Kg8 55. Qf6 Qxc4 56. Qg6+ Kh8 57. Qxh6+ Kg8 58. Qg6+ Kf8 59. Nxg5 Qxd5 60. Nh7+ 1-0

[Event "BL2-West 0809"]
[Site "Germany"]
[Date "2009.03.29"]
[Round "9.6"]
[White "Herges, Udo"]
[Black "Luetke, Jens"]
[Result "0-1"]
[WhiteElo "2085"]
[BlackElo "2350"]
[PlyCount "32"]
[EventDate "2008.10.05"]
[EventType "team-tourn"]
[EventRounds "9"]
[EventCountry "GER"]
[SourceTitle "CBM 129 Extra"]
[Source "ChessBase"]
[SourceDate "2009.05.05"]
[SourceVersion "2"]
[SourceVersionDate "2009.05.20"]
[SourceQuality "1"]
[WhiteTeam "Oberursel"]
[BlackTeam "Godesberg"]
[WhiteTeamCountry "GER"]
[BlackTeamCountry "GER"]

1. e4 e5 2. Nc3 Bc5 3. f4 d6 4. Nf3 Nf6 5. fxe5 dxe5 6. Nxe5 Qd4 7. Nd3 Bb6 8. Nb5 Qxe4+ 9. Qe2 Bg4 10. Qxe4+ Nxe4 11. Be2 Bxe2 12. Kxe2 Nc6 13. Re1 0-0-0 14. Nc3 f5 15. Kd1 Rhe8 16. b3 Rxd3 0-1

[Event "BL2-West 0809"]
[Site "Germany"]
[Date "2009.03.01"]
[Round "7.8"]
[White "Luetke, Jens"]
[Black "Jens, Jelmer"]
[Result "1/2-1/2"]
[WhiteElo "2350"]
[BlackElo "2375"]
[PlyCount "27"]
[EventDate "2008.10.05"]
[EventType "team-tourn"]
[EventRounds "9"]
[EventCountry "GER"]
[SourceTitle "CBM 129 Extra"]
[Source "ChessBase"]
[SourceDate "2009.05.05"]
[SourceVersion "2"]
[SourceVersionDate "2009.05.20"]
[SourceQuality "1"]
[WhiteTeam "Godesberg"]
[BlackTeam "Bochum SG"]
[WhiteTeamCountry "GER"]
[BlackTeamCountry "GER"]

1. e4 c5 2. Nf3 d6 3. d4 cxd4 4. Qxd4 a6 5. c4 Nc6 6. Qd2 g6 7. Nc3 Bg7 8. b3 Nf6 9. Bb2 0-0 10. Be2 Qa5 11. Rb1 Bd7 12. a3 Rfc8 13. Nd5 Qxd2+ 14. Nxd2 1/2-1/2

[Event "Unna op"]
[Site "Unna"]
[Date "2008.12.29"]
[Round "5"]
[White "Luetke, Jens"]
[Black "Sieglen, Joachim"]
[Result "1/2-1/2"]
[WhiteElo "2354"]
[BlackElo "2338"]
[PlyCount "42"]
[EventDate "2008.12.27"]
[EventType "swiss"]
[EventRounds "7"]
[EventCountry "GER"]
[SourceTitle "CBM 128 Extra"]
[Source "ChessBase"]
[SourceDate "2009.03.05"]
[SourceVersion "2"]
[SourceVersionDate "2009.03.25"]
[SourceQuality "1"]

1. e4 e6 2. d4 d5 3. Nd2 c5 4. Ngf3 cxd4 5. Nxd4 Nc6 6. Nxc6 bxc6 7. Bd3 Nf6 8. 0-0 Be7 9. Qe2 0-0 10. c4 Bb7 11. b3 dxe4 12. Nxe4 c5 13. Ng3 Qc7 14. Bb2 Rad8 15. Bc3 Nd7 16. Rad1 Bf6 17. Bxh7+ Kxh7 18. Rxd7 Rxd7 19. Bxf6 gxf6 20. Qh5+ Kg7 21. Qg4+ Kh6 1/2-1/2

[Event "BL2-West 0809"]
[Site "Germany"]
[Date "2008.10.26"]
[Round "2.7"]
[White "Luetke, Jens"]
[Black "Fischdick, Gisela"]
[Result "1/2-1/2"]
[WhiteElo "2350"]
[BlackElo "2230"]
[PlyCount "20"]
[EventDate "2008.10.05"]
[EventType "team-tourn"]
[EventRounds "9"]
[EventCountry "GER"]
[SourceTitle "CBM 129 Extra"]
[Source "ChessBase"]
[SourceDate "2009.05.05"]
[SourceVersion "2"]
[SourceVersionDate "2009.05.20"]
[SourceQuality "1"]
[WhiteTeam "Godesberg"]
[BlackTeam "Gerresheim"]
[WhiteTeamCountry "GER"]
[BlackTeamCountry "GER"]

1. e4 d5 2. exd5 Qxd5 3. Nf3 Nf6 4. d4 c6 5. c4 Qa5+ 6. Bd2 Qd8 7. Qb3 g6 8. Nc3 Bg7 9. h3 0-0 10. 0-0-0 Na6 1/2-1/2